Rozpoznaj układy po zdjęciach - Statystyki

Ogólne statystyki
  • Ten quiz został rozwiązany 14 razy
  • Średni wynik to 5 z 8
Statystyki odpowiedzi
Obrazkowy Odpowiedź % Poprawnych
układ oddechowy
90%
układ pokarmowy
90%
układ krwionośny
80%
układ nerwowy
70%
układ moczowy
40%
układ rozrodczy męski
30%
układ rozrodczy żeński
30%
układ ruchu
20%
Nie znaleziono quizów pasujących do podanych kryteriów
Rozkład punktacji
Procent ludzi z każdym wynikiem
Percentyl według liczby udzielonych odpowiedzi
Twoja historia wyników
Nie rozwiązałeś tego quizu